Statistiche per Doppia digitazione veloce dalla A alla Z

Clicka qui per fare il quiz!

Statistiche generali

  • Questo quiz è stato fatto 3.145 volte
  • Il punteggio medio è 21 su 52

Statistiche sulle risposte

lettera% Corretto
a
100%
b
95%
c
93%
d
91%
e
90%
f
89%
g
88%
h
87%
i
86%
j
73%
k
71%
l
69%
m
67%
n
66%
o
65%
p
64%
q
61%
r
59%
s
58%
t
57%
u
55%
v
52%
w
45%
x
40%
y
37%
z
35%
A
28%
B
26%
C
25%
D
23%
E
22%
F
21%
G
20%
H
20%
I
18%
J
16%
K
15%
L
14%
M
13%
N
12%
O
11%
P
10%
Q
9%
R
8%
S
8%
T
7%
U
6%
V
5%
W
4%
X
3%
Y
3%
Z
3%

Distribuzione punteggi

Percentile per numero di risposta

Percentuale di utenti per punteggio

I tuoi punteggi nel tempo

Non hai fatto questo quiz